|
|
|
|
| LEADER |
00000nam0a2200000 4500 |
| 001 |
151578 |
| 005 |
20231031150752.0 |
| 035 |
|
|
|a (RuTPU)RU\TPU\book\164345
|
| 090 |
|
|
|a 151578
|
| 100 |
|
|
|a 20090124d1938 k y0rusy50 ca
|
| 101 |
0 |
|
|a rus
|
| 102 |
|
|
|a RU
|
| 105 |
|
|
|a a z 001zy
|
| 200 |
1 |
|
|a Производство серной кислоты
|f под ред. К. М. Малина
|
| 210 |
|
|
|a Москва
|c Изд-во химической литературы
|d 1938
|
| 215 |
|
|
|a 512 с.
|c ил.
|
| 320 |
|
|
|a Библиография в конце глав.
|
| 320 |
|
|
|a Предметный указатель: с. 505-511.
|
| 610 |
1 |
|
|a производство
|
| 610 |
1 |
|
|a серная кислота
|
| 610 |
1 |
|
|a свойства
|
| 610 |
1 |
|
|a материалы
|
| 610 |
1 |
|
|a сернокислотное производство
|
| 610 |
1 |
|
|a транспорт
|
| 610 |
1 |
|
|a хранение
|
| 610 |
1 |
|
|a сырье
|
| 610 |
1 |
|
|a дробление
|
| 610 |
1 |
|
|a сушка
|
| 610 |
1 |
|
|a получение
|
| 610 |
1 |
|
|a очистка
|
| 610 |
1 |
|
|a обжиг
|
| 610 |
1 |
|
|a окислы азота
|
| 610 |
1 |
|
|a концентрирование
|
| 610 |
1 |
|
|a топливо
|
| 610 |
1 |
|
|a топки
|
| 675 |
|
|
|a 661.25
|v 3
|
| 702 |
|
1 |
|a Малин
|b К. М.
|4 340
|
| 801 |
|
1 |
|a RU
|b 63413507
|c 20090124
|g PSBO
|
| 801 |
|
2 |
|a RU
|b 63413507
|c 20160608
|g PSBO
|
| 942 |
|
|
|c BK
|